mysqli: Table './ulib62015/stat_globaluid' is marked as crashed and should be repaired
select id from stat_globaluid where statuid='20260517112424_2106'
mysqli: Table './ulib62015/stat_globaluid' is marked as crashed and should be repaired
DELETE FROM stat_globaluid
WHERE id NOT IN (
SELECT id
FROM (
SELECT id
FROM stat_globaluid
ORDER BY id DESC
LIMIT 100
) foo
);
mysqli: Table './ulib62015/stat_globaluid' is marked as crashed and should be repaired
insert into stat_globaluid set
statuid='20260517112424_2106',
dt='1778991864',
phpself='/ULIB62015/dublinfull.php',
agent='Mozilla/5.0 AppleWebKit/537.36 (KHTML, like Gecko; compatible; ClaudeBot/1.0; +claudebot@anthropic.com)',
yea='2026',
mon='5',
dat='17',
ip='216.73.216.45'
mysqli: Table './ulib62015/stathist_viewbib_bib_type' is marked as crashed and should be repaired
insert into stathist_viewbib_bib_type set
dat='17' ,
mon='05' ,
yea='2026' ,
statuid='20260517112424_2106' ,
head='13399107727' ,
foot='marc' ,
dt='1778991864'
| LEADER : 00000nam 2200000uu 4500 |
| 001 13399107727 |
| 003 ULIB |
| 008 101022s2549||||th 000 0 tha d |
| 020 ^a9747784319
|
| 060 04 ^aWB327^bร495 2549
|
| 245 00 ^a1001 ตำรับยาใกล้ตัวรักษาโรคด้วยตนเอง /^cเมวิตา วงศ์วิเชียรชัย, บรรณาธิการเล่ม ;^cกิจจา ฤดีขจร, ผู้แปล
|
| 246 30 ^a1001 ตำรับยาใกล้ตัว
|
| 250 ^aพิมพ์ครั้งที่ 2
|
| 260 ^aกรุงเทพฯ :^bรีดเดอร์ส ไดเจสท์ (ประเทศไทย),^c2549
|
| 300 ^a456 หน้า :^bภาพประกอบ;^c26 ซม.
|
| 650 4 ^aสุขภาพ
|
| 650 4 ^aโภชนบำบัด
|
| 650 4 ^aสุขวิทยา
|
| 700 0 ^aเมวิตา วงศ์วิเชียรชัย,^eบรรณาธิการ
|
| 700 0 ^aกิจจา ฤดีขจร,^eผู้แปล
|
| 700 0 ^aปัทมา อินทรรักขา,^eผู้แปล
|
| 700 0 ^aฉัตรทิพย์ ภูสกูล,^eผู้แปล
|
| 700 0 ^aรัชยา เรืองศรี,^eผู้แปล
|
| 945 ^p1890^l0^i010860 |
| 999 ^a57066
|
| คุณยังไม่ได้ล็อกอิน คุณสามารถมีกิจกรรมร่วมกับเว็บไซต์ได้ แต่ต้องล็อกอินก่อน :: |
|
|
|
| ลำดับที่ |
ประเภท |
เลขเรียก/บาร์โค้ด |
สถานที่ |
สถานะ |
| 1. |
 หนังสืออ้างอิง สถานะ=ใช้ในห้องสมุดเท่านั้น | WB327 ร495 2549 Barcode: 010860 | หนังสือทั่วไป | บนชั้น ขอยืม |
รายการใกล้เคียง
หัวเรื่อง [สุขภาพ] หัวเรื่อง [โภชนบำบัด] หัวเรื่อง [สุขวิทยา]
|
|
ยังไม่เคยถูกคอมเมนท์
|
| คอมเมนท์ทรัพยากรรายการนี้ |
|